000 00795nmm a2200277 a 4500
003 AR-BaBNM
005 20251128202946.0
008 206019s1969 ||||||||||||||000 | spa||
040 _cAR-BaBNM
100 1 _aPaz, José María
245 1 0 _aVarones de su tiempo
_bvistos por José María Paz
260 _aBuenos Aires
_bLeón Rebollo Paz
_c1969
300 0 _a111 p.
500 0 _aSon breves biografías de algunos hombres destacados de la Argentina
650 4 _aHISTORIA ARGENTINA
650 4 _aBIOGRAFIAS
650 4 _aGUERRAS DE LA INDEPENDENCIA
650 4 _aGUERRAS CIVILES ARGENTINAS
650 4 _aROSAS Y SU TIEMPO
650 4 _aUNITARIOS
650 4 _aFEDERALES
655 _aBIOGRAFIAS
700 1 _aRebollo Paz, León
_ecompilador
942 _cBK
998 _cEnrique
999 _c1279
_d1279